Objective questions in library and information science : (Record no. 87896)
[ view plain ]
| 000 -LEADER | |
|---|---|
| fixed length control field | 00793nam a22002177a 4500 |
| 005 - DATE AND TIME OF LATEST TRANSACTION | |
| control field | 20140819111639.0 |
| 010 ## - LCCN (DPL NO) | |
| LC control number | B-536765-776 |
| 020 ## - INTERNATIONAL STANDARD BOOK NUMBER | |
| Terms of availability | 300.00 |
| International Standard Book Number | 9788170006060 |
| 035 ## - SYSTEM CONTROL NUMBER | |
| System control number | 536765-776 |
| 037 ## - SOURCE OF ACQUISITION | |
| Stock number | DPL |
| Source of stock number/acquisition | KKP/Ven |
| 082 ## - DEWEY DECIMAL CLASSIFICATION NUMBER | |
| Classification number | 020 |
| 100 ## - MAIN ENTRY--PERSONAL NAME | |
| Personal name | Lal, C. |
| 245 ## - TITLE STATEMENT | |
| Title | Objective questions in library and information science : |
| Statement of responsibility, etc | by C. Lal and K. Kumar |
| Remainder of title | for Net (UGC), SLET, Set, JRF and other competitive tests / |
| 250 ## - EDITION STATEMENT | |
| Edition statement | 4th edn. |
| 260 ## - PUBLICATION, DISTRIBUTION, ETC. (IMPRINT) | |
| Place of publication, distribution, etc | New Delhi |
| Name of publisher, distributor, etc | Ess Ess Publications |
| Date of publication, distribution, etc | 2010 |
| 270 ## - ADDRESS | |
| Address | 4837/24, Ansari Road, Darya Ganj |
| City | New Delhi |
| Postal code | 110002 India |
| 300 ## - PHYSICAL DESCRIPTION | |
| Extent | 328p. |
| Dimensions | 21cm(pbk) |
| 700 ## - ADDED ENTRY--PERSONAL NAME | |
| Personal name | Kumar, K. |
| 9 (RLIN) | 43373 |
| 942 ## - ADDED ENTRY ELEMENTS (KOHA) | |
| Source of classification or shelving scheme | Dewey Decimal Classification |
| Item type | English Books |
| Classification part | 020 |
| Call number suffix | LAL |
| Withdrawn status | Lost status | Not for loan | Collection code | Home library | Current library | Date acquired | Source of acquisition | Cost, normal purchase price | Full call number | Barcode | Copy number | Cost, replacement price | Koha item type |
|---|---|---|---|---|---|---|---|---|---|---|---|---|---|
| Non-fiction | Central Library | Central Library | 19/08/2014 | KKP/BL3706/28.03.2014/146/25.03.2014/31.03.2014 | 300.00 | 020 LAL | B-536765 | 1 | 300.00 | English Books | |||
| Not For Loan | Reference | Central Library | Central Library | 19/08/2014 | KKP/BL3706/28.03.2014/146/25.03.2014/31.03.2014 | 300.00 | 020 LAL | B-536766 | 1 | 300.00 | English Books | ||
| Non-fiction | Janak Puri | Janak Puri | 19/08/2014 | KKP/BL3706/28.03.2014/146/25.03.2014/31.03.2014 | 300.00 | 020 LAL | B-536768 | 1 | 300.00 | English Books | |||
| Non-fiction | Janak Puri | Janak Puri | 19/08/2014 | KKP/BL3706/28.03.2014/146/25.03.2014/31.03.2014 | 300.00 | 020 LAL | B-536771 | 1 | 300.00 | English Books | |||
| Non-fiction | Karol Bagh | Karol Bagh | 19/08/2014 | KKP/BL3706/28.03.2014/146/25.03.2014/31.03.2014 | 300.00 | 020 LAL | B-536772 | 1 | 300.00 | English Books | |||
| Non-fiction | Narela | Narela | 19/08/2014 | KKP/BL3706/28.03.2014/146/25.03.2014/31.03.2014 | 300.00 | 020 LAL | B-536774 | 1 | 300.00 | English Books | |||
| Non-fiction | New Rohtak Road | New Rohtak Road | 19/08/2014 | KKP/BL3706/28.03.2014/146/25.03.2014/31.03.2014 | 300.00 | 020 LAL | B-536773 | 1 | 300.00 | English Books | |||
| Non-fiction | Patel Nagar | Patel Nagar | 19/08/2014 | KKP/BL3706/28.03.2014/146/25.03.2014/31.03.2014 | 300.00 | 020 LAL | B-536767 | 1 | 300.00 | English Books | |||
| Non-fiction | R.K.Puram-8 | R.K.Puram-8 | 19/08/2014 | KKP/BL3706/28.03.2014/146/25.03.2014/31.03.2014 | 300.00 | 020 LAL | B-536770 | 1 | 300.00 | English Books | |||
| Non-fiction | Sarojini Nagar | Sarojini Nagar | 19/08/2014 | KKP/BL3706/28.03.2014/146/25.03.2014/31.03.2014 | 300.00 | 020 LAL | B-536769 | 1 | 300.00 | English Books | |||
| Non-fiction | Sarojini Nagar | Sarojini Nagar | 19/08/2014 | KKP/BL3706/28.03.2014/146/25.03.2014/31.03.2014 | 300.00 | 020 LAL | B-536776 | 1 | 300.00 | English Books | |||
| Non-fiction | Shahdara Branch | Shahdara Branch | 19/08/2014 | KKP/BL3706/28.03.2014/146/25.03.2014/31.03.2014 | 300.00 | 020 LAL | B-536775 | 1 | 300.00 | English Books |
